| 000 | 00659nam a22002057a 4500 | ||
|---|---|---|---|
| 003 | OSt | ||
| 005 | 20251112144213.0 | ||
| 008 | 251112b |||||||| |||| 00| 0 eng d | ||
| 020 | _a978-007-126767-0. | ||
| 040 |
_aDWCL-Admin lib _cOC |
||
| 082 | _aCirc. 658.4032 H652i 2010 | ||
| 100 | _aHillier, Frederick S. | ||
| 245 |
_aIntroduction to operations research / _cFrederick S. Hillier |
||
| 260 |
_a New York : _b McGraw-Hill, _cc 2010. |
||
| 300 |
_a xxiv, 1047 p. : ill. ; _c26 cm. |
||
| 504 | _aIncludes bibliographical references & indexes. | ||
| 650 | _a1. Operations research. | ||
| 700 | _aLieberman, Gerald J. | ||
| 942 |
_2ddc _cBK-CIRC _kCirc. _n0 |
||
| 999 |
_c5658 _d5658 |
||